| 000 | 00863nam a2200277 a 4500 | ||
|---|---|---|---|
| 001 | 69475 | ||
| 003 | BD-RjUL | ||
| 005 | 20211209081908.0 | ||
| 008 | 170412s2002 nyu b 001 0 eng d | ||
| 020 | _a0521890535 (pbk.) | ||
| 035 | _a(BD-RjUL)69687 | ||
| 040 |
_aDLC _cDLC _dDLC _dBD-RjUL _beng |
||
| 041 | _aeng | ||
| 082 | 0 | 0 |
_a515.2433 _223 _bZYT 2002 |
| 100 | 1 |
_aZygmund, Antoni _d1900- _9205796 |
|
| 245 | 1 | 0 |
_aTrigonometric series / _cA. Zygmund. |
| 250 | _a3rd ed. | ||
| 260 |
_aCambridge, UK ; _aNew York : _bCambridge University Press, _cc2002 |
||
| 300 |
_axiii, 364 p. ; _c23 cm. |
||
| 490 | _aCambridge mathematical library | ||
| 504 | _aIncludes bibliographical references (p. 336-351 (2nd set)) and index. | ||
| 505 | 0 | _aVol.1,2-- | |
| 650 | 0 |
_aFourier series. _9205797 |
|
| 830 |
_aCambridge mathematical library _9155914 |
||
| 942 |
_2ddc _cBK |
||
| 999 |
_c69475 _d69475 |
||